The Great Indian Novel (Record no. 2453)

MARC details
000 -LEADER
fixed length control field 00420nam a22001697a 4500
005 - DATE AND TIME OF LATEST TRANSACTION
control field 20210906113943.0
008 - FIXED-LENGTH DATA ELEMENTS--GENERAL INFORMATION
fixed length control field 160613b xxu||||| |||| 00| 0 eng d
020 ## - INTERNATIONAL STANDARD BOOK NUMBER
ISBN 978-0-140-12049-3
041 ## - LANGUAGE CODE
Language code of text/sound track or separate title eng
082 ## - DEWEY DECIMAL CLASSIFICATION NUMBER
Item number 7027
100 ## - MAIN ENTRY--AUTHOR NAME
Personal name Tharoor, Sashi
245 ## - TITLE STATEMENT
Title The Great Indian Novel
260 ## - PUBLICATION, DISTRIBUTION, ETC. (IMPRINT)
Place of publication New Delhi
Name of publisher Penguin Books India (p) Ltd.
Year of publication 1989
300 ## - PHYSICAL DESCRIPTION
Number of Pages 418
650 ## - SUBJECT ADDED ENTRY--TOPICAL TERM
Topical Term Management
942 ## - ADDED ENTRY ELEMENTS (KOHA)
Koha item type Books
Holdings
Lost status Damaged status Collection code Home library Current library Shelving location Date acquired Cost, normal purchase price Full call number Accession Number Koha item type
    LIFE SKILL JRU Library JRU Library SHELF-101-B 13/06/2016 299.00 7027 7027 Books
    LIFE SKILL JRU Library JRU Library SHELF-101-B 13/06/2016 299.00 7027 7028 Books
    PHARMACY JRU Library JRU Library SHELF-101-B 13/06/2016 299.00 7027 7029 Books
    LIFE SKILL JRU Library JRU Library SHELF-101-B 13/06/2016 299.00 7027 7030 Books
    LIFE SKILL JRU Library JRU Library SHELF-101-B 13/06/2016 299.00 7027 7031 Books